[Event "Mashhad Ferdowsi op 6th"]
[Site "Mashhad"]
[Date "2016.01.30"]
[Round "2"]
[White "Sakhtkar, Milad"]
[Black "Guseinov, Gadir"]
[Result "0-1"]
[WhiteElo "1917"]
[BlackElo "2646"]
[PlyCount "114"]
[EventDate "2016.01.29"]
[EventType "swiss"]
[EventRounds "9"]
[EventCountry "IRI"]
[SourceTitle "CBM 170 Extra"]
[Source "ChessBase"]
[SourceDate "2016.02.25"]
[SourceVersion "1"]
[SourceVersionDate "2016.02.25"]
[SourceQuality "1"]

1. e4 c5 2. d4 cxd4 3. c3 Nf6 4. e5 Nd5 5. Nf3 Nc6 6. Bc4 Nb6 7. Bb3 d5 8. exd6 Qxd6 9. 0-0 Be6 10. Bxe6 Qxe6 11. Nxd4 Nxd4 12. Qxd4 Rd8 13. Qh4 Qe2 14. Nd2 e6 15. Nf3 Be7 16. Qg3 0-0 17. Nd4 Qh5 18. Qf3 Qxf3 19. Nxf3 Bc5 20. Bf4 Na4 21. Rab1 f6 22. Rfe1 e5 23. Be3 Bxe3 24. Rxe3 Rd6 25. Kf1 Rfd8 26. Ke1 Kf7 27. Re2 Nc5 28. g3 Ra6 29. b3 Rd3 30. Rxe5 fxe5 31. Nxe5+ Kf6 32. Nxd3 Nxd3+ 33. Ke2 Nc5 34. Rb2 g5 35. f3 Re6+ 36. Kd2 h5 37. Rb1 g4 38. b4 Nd7 39. f4 b5 40. a4 bxa4 41. c4 a3 42. Ra1 Ra6 43. Ra2 Ra4 44. Kc3 a5 45. b5 Nb6 46. Kb3 Rb4+ 47. Kc3 Rxc4+ 48. Kd3 Ra4 49. Kc3 Nd5+ 50. Kb3 Rb4+ 51. Kxa3 Nc3 52. Rc2 Nxb5+ 53. Ka2 a4 54. Rc5 Rb3 55. Rc1 Nc3+ 56. Ka1 a3 57. h3 a2 0-1